000 00300nam a2200133 i 4500
001 bg
245 0 _aEnergeličeskij reaktor s vodoj pod davleniem.
260 _aMoskva,
_c1961.
040 _cBPK
041 _apol
080 _a621.039
942 _cKS
008 s pl f |000 0 pol
999 _c12674
_d12674
856 _uhttp://koha.tu.koszalin.pl/cgi-bin/koha/opac-detail.pl?biblionumber=12674
_yKatalog online BPK